Self Help Group The Income Enterprise & Ecology / by S.K. Acharya...[et al.] (Record no. 52274)

MARC details
000 -LEADER
fixed length control field 00566nam a22001817a 4500
003 - CONTROL NUMBER IDENTIFIER
control field OSt
008 - FIXED-LENGTH DATA ELEMENTS--GENERAL INFORMATION
fixed length control field 260624b |||||||| |||| 00| 0 eng d
020 ## - INTERNATIONAL STANDARD BOOK NUMBER
International Standard Book Number 9789353870003
082 ## - DEWEY DECIMAL CLASSIFICATION NUMBER
Classification number 334.7
Item number A17S
245 ## - TITLE STATEMENT
Title Self Help Group The Income Enterprise & Ecology / by S.K. Acharya...[et al.]
260 ## - PUBLICATION, DISTRIBUTION, ETC. (IMPRINT)
Place of publication, distribution, etc Delhi :
Name of publisher, distributor, etc Satish Serial Publishing House,
Date of publication, distribution, etc 2020.
300 ## - PHYSICAL DESCRIPTION
Extent xi, 89 p.
650 ## - SUBJECT ADDED ENTRY--TOPICAL TERM
Topical term or geographic name as entry element Social Sciences
650 ## - SUBJECT ADDED ENTRY--TOPICAL TERM
Topical term or geographic name as entry element Co-operatives
650 ## - SUBJECT ADDED ENTRY--TOPICAL TERM
Topical term or geographic name as entry element Co-operative societies for mutual assistance / Self-help groups
700 ## - ADDED ENTRY--PERSONAL NAME
Personal name Acharya, S.K.
942 ## - ADDED ENTRY ELEMENTS (KOHA)
Source of classification or shelving scheme
Koha item type Books
Holdings
Withdrawn status Lost status Source of classification or shelving scheme Damaged status Not for loan Home library Current library Shelving location Date acquired Source of acquisition Cost, normal purchase price Total Checkouts Full call number Barcode Date last seen Bill Date Koha item type Bill Number
          Dr. Rajendra Prasad Central Agricultural University Pusa, Dr. Rajendra Prasad Central Agricultural University Pusa, General Stacks 24/06/2026 Today & Tomorrow Printers and Publishers 1550.00   334.7 A17S 87112 24/06/2026 29/01/2026 Books Bill No. IN-00449
Hosted, Implemented, Customized & Maintained by: BestBookBuddies

Powered by Koha